[Event "Paul Keres mem (31st)"]
[Site "Vancouver CAN"]
[Date "2006.05.21"]
[Round "4.4"]
[White "Salcedo, Daniel"]
[Black "McLaren, Brian"]
[Result "1/2-1/2"]
[WhiteElo "2007"]
[BlackElo "2232"]
[PlyCount "66"]
[EventDate "2006.05.19"]
[EventType "swiss"]
[EventRounds "6"]
[EventCountry "CAN"]

1. d4 d5 2. c4 e6 3. Nc3 c6 4. e4 dxe4 5. Nxe4 Bb4+ 6. Nc3 c5 7. Nf3 Nf6 8. a3
Ba5 9. Bd2 cxd4 10. Nb5 O-O 11. b4 a6 12. Nbxd4 Bc7 13. Bg5 h6 14. Bh4 e5 15.
Nc2 Qe7 16. Ne3 Be6 17. Be2 Nc6 18. O-O Rad8 19. Qc2 Nd4 20. Qb2 Nxe2+ 21. Qxe2
Rd7 22. Qb2 Rfd8 23. Bg3 Ng4 24. Nxg4 Bxg4 25. Nxe5 Bxe5 26. Qxe5 Qxe5 27. Bxe5
Be2 28. Rfc1 Bxc4 29. h3 b5 30. a4 f6 31. Bf4 g5 32. Be3 Kf7 33. axb5 axb5
1/2-1/2

[Event "Paul Keres mem (31st)"]
[Site "Vancouver CAN"]
[Date "2006.05.21"]
[Round "4.5"]
[White "Patterson, Roger"]
[Black "Chan, James"]
[Result "1-0"]
[WhiteElo "2186"]
[BlackElo "1973"]
[PlyCount "45"]
[EventDate "2006.05.19"]
[EventType "swiss"]
[EventRounds "6"]
[EventCountry "CAN"]

1. e4 e5 2. Nf3 Nc6 3. Bb5 a6 4. Ba4 d6 5. c3 f5 6. exf5 Bxf5 7. d4 e4 8. Ng5
b5 9. Bb3 d5 10. f3 h6 11. fxe4 hxg5 12. exf5 Bd6 13. Qe2+ Kf8 14. Kd1 Qf6 15.
Qg4 Qf7 16. Bxg5 Re8 17. Nd2 Nce7 18. h3 Nxf5 19. Rf1 g6 20. Qf3 Rh5 21. Bxd5
Ne3+ 22. Bxe3 Qxf3+ 23. Rxf3+ 1-0

[Event "Paul Keres mem (31st)"]
[Site "Vancouver CAN"]
[Date "2006.05.21"]
[Round "4.6"]
[White "Davies, Lucas"]
[Black "Trandafir, Stefan"]
[Result "1-0"]
[WhiteElo "2154"]
[BlackElo "1717"]
[PlyCount "67"]
[EventDate "2006.05.19"]
[EventType "swiss"]
[EventRounds "6"]
[EventCountry "CAN"]

1. e4 c5 2. Nc3 Nc6 3. g3 g6 4. Bg2 Bg7 5. d3 d6 6. Be3 e6 7. Qd2 a6 8. Nge2 b5
9. O-O Bb7 10. Nd1 Qc7 11. c3 Ne5 12. h3 c4 13. d4 Nd7 14. f3 Ne7 15. Bh6 Bf8
16. Bxf8 Rxf8 17. Ne3 d5 18. e5 Nf5 19. f4 Rg8 20. g4 Nxe3 21. Qxe3 O-O-O 22.
Kh2 Rdf8 23. Rf2 Qd8 24. Raf1 Kc7 25. f5 g5 26. Ng3 h6 27. Nh5 Bc8 28. b3 Kc6
29. bxc4 bxc4 30. Qe2 Qa5 31. Qxc4+ Kb7 32. Rb2+ Ka7 33. Qc6 exf5 34. Bxd5 1-0

[Event "Paul Keres mem (31st)"]
[Site "Vancouver CAN"]
[Date "2006.05.21"]
[Round "4.7"]
[White "Milicevic, Dragoljub"]
[Black "Toubale, Tarek"]
[Result "0-1"]
[WhiteElo "2135"]
[BlackElo "2166"]
[PlyCount "116"]
[EventDate "2006.05.19"]
[EventType "swiss"]
[EventRounds "6"]
[EventCountry "CAN"]

1. g3 Nf6 2. Bg2 g6 3. b3 Bg7 4. Bb2 d5 5. d3 c6 6. Nd2 Nbd7 7. Ngf3 O-O 8. O-O
Ne8 9. Bxg7 Nxg7 10. e4 Nb6 11. Qe2 d4 12. a4 a5 13. Nh4 e5 14. Nhf3 Bg4 15. h3
Bxf3 16. Bxf3 Ne6 17. h4 Nc5 18. Kg2 Na6 19. h5 Nb4 20. Rac1 Na2 21. Ra1 Nb4
22. Nc4 Nxc4 23. bxc4 Qg5 24. Rh1 Kg7 25. Rh4 Rh8 26. h6+ Kf8 27. Rah1 Ke7 28.
Rg4 Qf6 29. Qd2 Qd6 30. Be2 Na2 31. Rb1 Rhb8 32. f4 f6 33. fxe5 fxe5 34. Rf1
Rf8 35. Qg5+ Kd7 36. Rxf8 Rxf8 37. Rh4 Qf6 38. Bg4+ Kd6 39. Qxf6+ Rxf6 40. Rh1
Nc3 41. Ra1 Kc5 42. Bc8 b6 43. g4 g5 44. Rh1 Ne2 45. Bf5 Rf7 46. Rb1 Rf6 47.
Rh1 Rf7 48. Rh5 Nf4+ 49. Kg3 Nxh5+ 50. gxh5 b5 51. cxb5 cxb5 52. axb5 Kd6 53.
Bg6 Re7 54. Kg4 a4 55. Kxg5 a3 56. Bxh7 a2 57. Bf5 a1=Q 58. h7 Qg1+ 0-1

[Event "Paul Keres mem (31st)"]
[Site "Vancouver CAN"]
[Date "2006.05.21"]
[Round "4.8"]
[White "Niksic, John"]
[Black "Tegzes, Laszlo"]
[Result "0-1"]
[WhiteElo "2005"]
[BlackElo "2109"]
[PlyCount "69"]
[EventDate "2006.05.19"]
[EventType "swiss"]
[EventRounds "6"]
[EventCountry "CAN"]

1. Nf3 Nf6 2. d4 g6 3. g3 Bg7 4. Bg2 d6 5. c4 O-O 6. Nc3 Nc6 7. e4 a6 8. Qd3 e5
9. d5 Ne7 10. O-O Nh5 11. Nd2 f5 12. f3 f4 13. g4 Nf6 14. b4 g5 15. Nb3 Ng6 16.
a4 Rf7 17. a5 h5 18. h3 Bf8 19. Ba3 Rh7 20. Nd1 hxg4 21. fxg4 Bxg4 22. hxg4
Nxg4 23. Bh3 Rh4 24. Qf3 Nh2 25. Kxh2 g4 26. Rg1 gxf3 27. Rxg6+ Kf7 28. Rg1 Be7
29. Nf2 Qh8 30. Nd2 Qh5 31. Rg4 Rxg4 32. Nxg4 Rh8 33. Nf2 Bh4 34. Bg4 Bg3+ 35.
Kg1 0-1

[Event "Paul Keres mem (31st)"]
[Site "Vancouver CAN"]
[Date "2006.05.21"]
[Round "4.9"]
[White "Phonchiangkwong, Sumon Chai"]
[Black "Yearwood, Roy"]
[Result "1-0"]
[WhiteElo "1881"]
[BlackElo "2100"]
[PlyCount "67"]
[EventDate "2006.05.19"]
[EventType "swiss"]
[EventRounds "6"]
[EventCountry "CAN"]

1. e4 e6 2. d4 d5 3. Nd2 Nf6 4. Bd3 c5 5. c3 Nc6 6. Ne2 Bd7 7. e5 Ng8 8. O-O
Qb6 9. Nf3 a5 10. Rb1 Qc7 11. h4 h6 12. Bf4 b6 13. Qd2 Nge7 14. h5 c4 15. Bc2
b5 16. b3 Na7 17. bxc4 dxc4 18. Rfd1 Bc6 19. Ng3 g5 20. hxg6 Nxg6 21. Ne4 O-O-O
22. Nd6+ Rxd6 23. exd6 Bxd6 24. Bxd6 Qxd6 25. Bxg6 fxg6 26. Ne5 Bb7 27. a4 g5
28. axb5 Qd5 29. f3 Nxb5 30. Qb2 Nd6 31. Qb6 Rh7 32. Qc5+ Kd8 33. Rb6 Nc8 34.
Rb5 1-0

[Event "Paul Keres mem (31st)"]
[Site "Vancouver CAN"]
[Date "2006.05.21"]
[Round "4.10"]
[White "Landingin, Jofrei"]
[Black "Burke, Paul"]
[Result "1/2-1/2"]
[WhiteElo "1675"]
[BlackElo "2032"]
[PlyCount "188"]
[EventDate "2006.05.19"]
[EventType "swiss"]
[EventRounds "6"]
[EventCountry "CAN"]

1. e4 c5 2. Nf3 Nc6 3. d4 cxd4 4. Nxd4 Nf6 5. Nc3 e5 6. Nb3 Bb4 7. f3 O-O 8. a3
Bxc3+ 9. bxc3 h6 10. c4 d6 11. Be3 Be6 12. Qd2 Qc7 13. Bd3 Ne7 14. Qe2 Rac8 15.
Nd2 Ng6 16. O-O Nf4 17. Qf2 b6 18. Qh4 Ng6 19. Qf2 Qe7 20. Kh1 Nh5 21. g3 Qd7
22. g4 Nhf4 23. Qg3 Qd8 24. Bf2 Ne7 25. h4 Nc6 26. g5 hxg5 27. hxg5 Na5 28. Be3
Nh5 29. Qh4 g6 30. f4 Nxc4 31. Nxc4 Bxc4 32. f5 Bxd3 33. cxd3 Qd7 34. Bd2 d5
35. Rf2 dxe4 36. dxe4 Qd3 37. Rg1 Rc2 38. Rgg2 Rd8 39. fxg6 fxg6 40. Qg4 Rc6
41. Qf3 Qd7 42. Bb4 Qd1+ 43. Kh2 Qxf3 44. Rxf3 Nf4 45. Rgf2 Nd3 46. Rf1 Nxb4
47. axb4 Rf8 48. Rf6 Kg7 49. Kg3 Rcxf6 50. gxf6+ Kf7 51. Kg4 Rh8 52. Kg5 Rh5+
53. Kg4 Rh2 54. Kg5 Rg2+ 55. Kh4 a5 56. bxa5 bxa5 57. Rf3 g5+ 58. Kh5 g4 59.
Rf1 g3 60. Rf3 Re2 61. Rxg3 Rxe4 62. Ra3 a4 63. Kg5 Re1 64. Rxa4 Rg1+ 65. Kf5
Rf1+ 66. Kxe5 Rxf6 67. Ra7+ Kg6 68. Ra1 Rb6 69. Rg1+ Kf7 70. Rf1+ Kg6 71. Rg1+
Kf7 72. Ra1 Kg6 73. Rh1 Rb5+ 74. Ke6 Rb6+ 75. Kd5 Rb5+ 76. Ke4 Rf5 77. Rg1+ Kf6
78. Kd4 Rg5 79. Rf1+ Rf5 80. Ra1 Rb5 81. Ra6+ Kg5 82. Ra1 Rf5 83. Ke4 Rb5 84.
Rg1+ Kf6 85. Ra1 Rb4+ 86. Kd5 Rb5+ 87. Kc6 Re5 88. Rf1+ Rf5 89. Rh1 Kg5 90.
Rg1+ Kf6 91. Kd6 Rg5 92. Rf1+ Rf5 93. Re1 Kg5 94. Ke6 Ra5 1/2-1/2

[Event "Paul Keres mem (31st)"]
[Site "Vancouver CAN"]
[Date "2006.05.21"]
[Round "4.12"]
[White "Schemm, Michael"]
[Black "Gaciu, Vlad"]
[Result "1-0"]
[WhiteElo "2033"]
[BlackElo "1748"]
[PlyCount "77"]
[EventDate "2006.05.19"]
[EventType "swiss"]
[EventRounds "6"]
[EventCountry "CAN"]

1. Nf3 Nf6 2. g3 d5 3. Bg2 c6 4. O-O Bf5 5. d3 Nbd7 6. b4 e5 7. a3 Bd6 8. e4
Bg4 9. h3 Bxf3 10. Bxf3 a5 11. exd5 cxd5 12. Nc3 d4 13. Nb5 Qb6 14. Nxd6+ Qxd6
15. bxa5 Rxa5 16. Bxb7 O-O 17. Rb1 Rb8 18. Bd2 Ra7 19. Bb4 Qe6 20. Bg2 Nd5 21.
Qg4 Qxg4 22. hxg4 Nxb4 23. axb4 Ra2 24. Rfc1 Rc8 25. b5 Nb6 26. Bc6 Na4 27. Ra1
Nc3 28. Rxa2 Nxa2 29. Ra1 Nb4 30. Be4 g6 31. b6 f5 32. b7 Rb8 33. Ra8 fxe4 34.
Rxb8+ Kg7 35. Rg8+ Kh6 36. b8=Q Nxd3 37. cxd3 exd3 38. Qxe5 d2 39. Qf4+ 1-0

[Event "Paul Keres mem (31st)"]
[Site "Vancouver CAN"]
[Date "2006.05.21"]
[Round "4.13"]
[White "Milner, Arik"]
[Black "Healy, Tom"]
[Result "1/2-1/2"]
[WhiteElo "1730"]
[BlackElo "2026"]
[PlyCount "79"]
[EventDate "2006.05.19"]
[EventType "swiss"]
[EventRounds "6"]
[EventCountry "CAN"]

1. e4 e5 2. Bc4 Nf6 3. Nc3 Be7 4. d3 d6 5. f4 Nc6 6. Nf3 exf4 7. Bxf4 Na5 8.
Bb3 Nxb3 9. axb3 O-O 10. O-O c6 11. d4 d5 12. e5 Ne4 13. Nd2 f5 14. Ndxe4 fxe4
15. Ne2 Bg4 16. Qd2 Qb6 17. Be3 Bxe2 18. Qxe2 Rad8 19. Qg4 c5 20. c3 cxd4 21.
cxd4 a6 22. Rac1 Rxf1+ 23. Rxf1 Qg6 24. Qxg6 hxg6 25. Rc1 Rd7 26. Kf2 Bh4+ 27.
g3 Be7 28. h4 Kf7 29. Bg5 Bxg5 30. hxg5 Ke6 31. g4 Rf7+ 32. Ke2 Rf4 33. Rc7
Rxg4 34. Rxg7 Rxg5 35. Kf2 b5 36. Ra7 Rf5+ 37. Ke2 Rf3 38. Rxa6+ Kf7 39. Ra7+
Ke6 40. Ra6+ 1/2-1/2

[Event "Paul Keres mem (31st)"]
[Site "Vancouver CAN"]
[Date "2006.05.21"]
[Round "4.14"]
[White "North, Robert"]
[Black "Long, Hugh"]
[Result "1-0"]
[WhiteElo "1966"]
[BlackElo "1724"]
[PlyCount "69"]
[EventDate "2006.05.19"]
[EventType "swiss"]
[EventRounds "6"]
[EventCountry "CAN"]

1. d4 Nf6 2. c4 g6 3. g3 Bg7 4. Bg2 O-O 5. Nf3 c6 6. O-O d5 7. b3 Nbd7 8. Bb2
Re8 9. Nbd2 Nh5 10. cxd5 cxd5 11. Ne5 Nb6 12. Ndf3 h6 13. Rc1 Be6 14. Nd3 Nd7
15. Qd2 Nhf6 16. Qb4 b6 17. Nfe5 Nxe5 18. dxe5 Nd7 19. Qf4 Rc8 20. Rxc8 Qxc8
21. Rc1 Qb8 22. Qe3 Rc8 23. f4 a5 24. Bd4 b5 25. Bc5 Nxc5 26. Rxc5 Rd8 27. Nf2
Qb6 28. Qc1 f6 29. Rc6 Rc8 30. Rxc8+ Bxc8 31. Qxc8+ Kh7 32. Bxd5 h5 33. Qc6 Qe3
34. Qe6 fxe5 35. Be4 1-0

[Event "Paul Keres mem (31st)"]
[Site "Vancouver CAN"]
[Date "2006.05.21"]
[Round "4.15"]
[White "Ozkan, Charlie"]
[Black "Herodek, Joseph"]
[Result "1-0"]
[WhiteElo "1901"]
[BlackElo "1937"]
[PlyCount "75"]
[EventDate "2006.05.19"]
[EventType "swiss"]
[EventRounds "6"]
[EventCountry "CAN"]

1. Nf3 Nf6 2. b3 c5 3. Bb2 Nc6 4. c4 d6 5. g3 e5 6. d3 Be7 7. Nbd2 Bd7 8. Bg2
O-O 9. O-O Qc8 10. a3 Bh3 11. Bc3 Bxg2 12. Kxg2 h6 13. b4 b6 14. bxc5 Qe6 15.
cxd6 Bxd6 16. e4 Qe7 17. Nh4 g6 18. Qc1 Kh7 19. Nb3 a6 20. Bd2 h5 21. Bg5 Qe6
22. Nf3 Rh8 23. Bh4 Kg8 24. c5 bxc5 25. Nxc5 Qe7 26. Bxf6 Qxf6 27. Nd7 Qe7 28.
Qxc6 Kg7 29. Nb6 Rad8 30. Nd5 Qe6 31. h4 f6 32. Rfb1 Rc8 33. Rb7+ Kh6 34. Qd7
Qxd7 35. Rxd7 Rcd8 36. Rxd8 Rxd8 37. Nxf6 Bb8 38. Rb1 1-0

[Event "Paul Keres mem (31st)"]
[Site "Vancouver CAN"]
[Date "2006.05.21"]
[Round "5.1"]
[White "Meng, Fanhao"]
[Black "Pechisker, Alfred"]
[Result "1/2-1/2"]
[WhiteElo "2255"]
[BlackElo "2250"]
[PlyCount "70"]
[EventDate "2006.05.19"]
[EventType "swiss"]
[EventRounds "6"]
[EventCountry "CAN"]

1. e4 d6 2. d4 g6 3. Nc3 Bg7 4. Be3 Nd7 5. Bc4 Ngf6 6. f3 c5 7. Nge2 a6 8. dxc5
dxc5 9. a4 O-O 10. Qd2 Ne5 11. Qxd8 Rxd8 12. Ba2 Nfd7 13. O-O-O Nc6 14. Rd2 e6
15. Rhd1 Bf8 16. Bf4 b5 17. axb5 axb5 18. Kb1 b4 19. Nb5 Ba6 20. c4 Nf6 21.
Rxd8 Rxd8 22. Rxd8 Nxd8 23. Nc7 Bc8 24. Bg5 Be7 25. Nc1 Nc6 26. Bb3 Kf8 27. Ba4
Ne5 28. b3 Nfd7 29. Bh6+ Kg8 30. Bf4 g5 31. Bg3 Kf8 32. Kc2 h5 33. Nd3 Nxd3 34.
Bxd7 h4 35. Bxc8 hxg3 1/2-1/2

[Event "Paul Keres mem (31st)"]
[Site "Vancouver CAN"]
[Date "2006.05.21"]
[Round "5.3"]
[White "Davies, Lucas"]
[Black "Patterson, Roger"]
[Result "1/2-1/2"]
[WhiteElo "2154"]
[BlackElo "2186"]
[PlyCount "42"]
[EventDate "2006.05.19"]
[EventType "swiss"]
[EventRounds "6"]
[EventCountry "CAN"]

1. e4 c5 2. Nf3 d6 3. d4 cxd4 4. Nxd4 Nf6 5. Nc3 e6 6. Be2 Be7 7. O-O O-O 8.
Kh1 Nc6 9. f4 a6 10. Be3 Qc7 11. a4 Re8 12. Bf3 Nxd4 13. Bxd4 e5 14. Be3 exf4
15. Bxf4 Be6 16. Qd4 Nd7 17. Rad1 Ne5 18. Nd5 Bxd5 19. Qxd5 Bf8 20. c3 Re6 21.
Rf2 Rae8 1/2-1/2

[Event "Paul Keres mem (31st)"]
[Site "Vancouver CAN"]
[Date "2006.05.21"]
[Round "5.4"]
[White "Toubale, Tarek"]
[Black "Orlov, Georgi"]
[Result "0-1"]
[WhiteElo "2166"]
[BlackElo "2587"]
[PlyCount "120"]
[EventDate "2006.05.19"]
[EventType "swiss"]
[EventRounds "6"]
[EventCountry "CAN"]

1. e4 d6 2. d4 Nf6 3. Nc3 g6 4. Be2 Bg7 5. Nf3 O-O 6. h3 c6 7. O-O Qc7 8. Be3
b5 9. a3 a6 10. Qc1 Nbd7 11. Bh6 Bb7 12. Re1 c5 13. Bf1 b4 14. Bxg7 Kxg7 15.
axb4 cxb4 16. Nd5 Nxd5 17. exd5 Nf6 18. c4 bxc3 19. bxc3 Nxd5 20. c4 Nf6 21. d5
Rae8 22. Nd4 Bc8 23. Nb3 e6 24. dxe6 Rxe6 25. Rxe6 fxe6 26. c5 Ne4 27. Qe3 Nxc5
28. Nxc5 Qxc5 29. Qxc5 dxc5 30. Bxa6 Kf6 31. Bc4 Rf7 32. f4 Rb7 33. Ra2 Rb1+
34. Kf2 Rc1 35. Be2 e5 36. Ra8 Be6 37. fxe5+ Kxe5 38. Rh8 h5 39. Rh6 Bf5 40. g4
hxg4 41. hxg4 Be4 42. Rh8 Rc3 43. Re8+ Kf4 44. Rf8+ Kg5 45. Re8 Bc6 46. Re5+
Kf6 47. Re3 Rxe3 48. Kxe3 Kg5 49. Bd3 Bd5 50. Bc2 Bf7 51. Kf3 Bd5+ 52. Ke3 Ba2
53. Be4 Bf7 54. Kd3 Kf6 55. Ke3 g5 56. Bb1 Ke5 57. Bc2 Ba2 58. Bh7 Be6 59. Kf3
Kd4 60. Bc2 c4 0-1

[Event "Paul Keres mem (31st)"]
[Site "Vancouver CAN"]
[Date "2006.05.21"]
[Round "5.5"]
[White "McLaren, Brian"]
[Black "Kostin, Andrey"]
[Result "0-1"]
[WhiteElo "2232"]
[BlackElo "1963"]
[PlyCount "114"]
[EventDate "2006.05.19"]
[EventType "swiss"]
[EventRounds "6"]
[EventCountry "CAN"]

1. e4 e5 2. Bc4 Nf6 3. Qe2 Nc6 4. c3 Bc5 5. Nf3 d6 6. d3 O-O 7. Bg5 h6 8. Bh4
g5 9. Bg3 Be6 10. Nbd2 a6 11. h4 g4 12. Nh2 h5 13. f3 Qd7 14. Bxe6 Qxe6 15. Nc4
Kh7 16. Bf2 b5 17. Ne3 Bxe3 18. Bxe3 Rg8 19. Bg5 Nd7 20. fxg4 f6 21. Be3 hxg4
22. O-O Ne7 23. g3 d5 24. Bd2 c5 25. Rf2 Rac8 26. Raf1 Rg6 27. Bc1 d4 28. a3
Rc6 29. Kg2 Rc8 30. Qd1 Rc6 31. Qd2 Rc8 32. Kg1 Rc6 33. Rf5 Rg7 34. Qh6+ Kg8
35. Rh5 Kf7 36. Rg5 Rxg5 37. hxg5 Kg8 38. gxf6 Nxf6 39. Bg5 Nh7 40. Qxe6+ Rxe6
41. Bxe7 Rxe7 42. Nxg4 c4 43. Nh6+ Kh8 44. Nf5 Rd7 45. cxd4 exd4 46. dxc4 bxc4
47. Rd1 Ng5 48. Kg2 d3 49. e5 Rb7 50. Ne3 Rxb2+ 51. Kf1 Rh2 52. e6 Kg8 53. Kg1
Nf3+ 54. Kf1 Kf8 55. Nxc4 Rh1+ 56. Kf2 Rxd1 57. Kxf3 Re1 0-1

[Event "Paul Keres mem (31st)"]
[Site "Vancouver CAN"]
[Date "2006.05.21"]
[Round "5.6"]
[White "Tegzes, Laszlo"]
[Black "Salcedo, Daniel"]
[Result "1/2-1/2"]
[WhiteElo "2109"]
[BlackElo "2007"]
[PlyCount "125"]
[EventDate "2006.05.19"]
[EventType "swiss"]
[EventRounds "6"]
[EventCountry "CAN"]

1. e4 d6 2. d4 Nf6 3. Nc3 g6 4. Bg5 c6 5. Qe2 Bg7 6. O-O-O Qa5 7. f4 O-O 8. e5
Nd5 9. Nxd5 Qxd5 10. Qc4 dxe5 11. Qxd5 cxd5 12. dxe5 f6 13. exf6 exf6 14. Bh4
Be6 15. Nf3 Bh6 16. Bg3 Nc6 17. Bd3 Nb4 18. a3 Nxd3+ 19. Rxd3 Rac8 20. Nd4 Bd7
21. Kb1 Rfe8 22. f5 Be3 23. fxg6 hxg6 24. Re1 Bxd4 25. Rxd4 Rxe1+ 26. Bxe1 Re8
27. Bc3 Re2 28. Rd2 Re1+ 29. Ka2 Kf7 30. Rxd5 Be6 31. Bxe1 Bxd5+ 32. c4 Bxg2
33. Bf2 a6 34. Kb3 Ke6 35. Kc3 Ke5 36. Bd4+ Kf5 37. Kd2 Bf1 38. c5 Kg5 39. Ke3
f5 40. Be5 Kg4 41. Kf2 Bb5 42. Bd6 g5 43. Be5 Bc6 44. Bd6 f4 45. Be5 Kf5 46.
Bd6 Ke6 47. Bc7 Kf5 48. Bd6 Ke4 49. Be7 g4 50. Bd6 Ba4 51. Bc7 Bb3 52. Bd6 f3
53. Be7 Kd3 54. Bd6 Ba4 55. Be7 Kc2 56. Bf6 Kb3 57. Be5 Bc6 58. Bf6 a5 59. Be5
a4 60. Bf6 Kc4 61. Be7 Kd5 62. Bf8 Ke6 63. Ke3 1/2-1/2

[Event "Paul Keres mem (31st)"]
[Site "Vancouver CAN"]
[Date "2006.05.21"]
[Round "5.7"]
[White "Davies, Noam"]
[Black "Phonchiangkwong, Sumon Chai"]
[Result "1-0"]
[WhiteElo "2038"]
[BlackElo "1881"]
[PlyCount "65"]
[EventDate "2006.05.19"]
[EventType "swiss"]
[EventRounds "6"]
[EventCountry "CAN"]

1. e4 e5 2. Nf3 Nc6 3. Bb5 Nd4 4. Nxd4 exd4 5. d3 Bc5 6. O-O Ne7 7. Bc4 O-O 8.
Bg5 d6 9. f4 Kh8 10. Bxe7 Qxe7 11. f5 Qf6 12. Qh5 c6 13. Nd2 Bd7 14. g4 Qh6 15.
Qxh6 gxh6 16. Nb3 Bb6 17. a4 a5 18. Kh1 Rae8 19. Rfe1 Kg7 20. Kg2 Kf6 21. h4
Rg8 22. Kh3 Re5 23. c3 dxc3 24. d4 Re7 25. bxc3 Rge8 26. Nd2 Kg7 27. Rab1 Rd8
28. Rxb6 f6 29. e5 dxe5 30. dxe5 fxe5 31. Ne4 Kh8 32. f6 Be6 33. fxe7 1-0

[Event "Paul Keres mem (31st)"]
[Site "Vancouver CAN"]
[Date "2006.05.21"]
[Round "5.8"]
[White "Chan, James"]
[Black "Schemm, Michael"]
[Result "1-0"]
[WhiteElo "1973"]
[BlackElo "2033"]
[PlyCount "87"]
[EventDate "2006.05.19"]
[EventType "swiss"]
[EventRounds "6"]
[EventCountry "CAN"]

1. e4 e6 2. d4 b6 3. Bd3 g6 4. Nf3 Bg7 5. Be3 Ne7 6. Qd2 h6 7. Nc3 Bb7 8. O-O
d6 9. h3 Nd7 10. Nh2 c5 11. Ne2 Nc6 12. c3 Qe7 13. f4 O-O-O 14. b4 cxb4 15.
cxb4 d5 16. b5 Nb4 17. e5 Nxd3 18. Qxd3 Kb8 19. a4 Rc8 20. Bd2 Rc4 21. Rfb1
Rhc8 22. Nf1 Bf8 23. Ne3 R4c7 24. a5 Ba8 25. a6 Qd8 26. Rc1 Be7 27. Rxc7 Rxc7
28. Rc1 Nf8 29. Rxc7 Qxc7 30. Qc2 Qd7 31. Qb3 g5 32. Bb4 Ng6 33. Bxe7 Qxe7 34.
f5 exf5 35. Nxf5 Qe6 36. Nxh6 Nxe5 37. Qg3 Qxh6 38. Qxe5+ Kc8 39. Qe8+ Kc7 40.
Qxa8 Qh5 41. Qxa7+ Kd8 42. Qxb6+ Ke7 43. Qc7+ Kf6 44. Qe5+ 1-0

[Event "Paul Keres mem (31st)"]
[Site "Vancouver CAN"]
[Date "2006.05.21"]
[Round "5.9"]
[White "Trandafir, Stefan"]
[Black "Burke, Paul"]
[Result "1-0"]
[WhiteElo "1717"]
[BlackElo "2032"]
[PlyCount "85"]
[EventDate "2006.05.19"]
[EventType "swiss"]
[EventRounds "6"]
[EventCountry "CAN"]

1. d4 Nf6 2. Nf3 e6 3. e3 a6 4. Bd3 c5 5. c3 b5 6. Nbd2 Bb7 7. O-O d6 8. Re1
Nbd7 9. e4 e5 10. Bc2 g6 11. Nf1 Bg7 12. Ng3 O-O 13. d5 a5 14. Nd2 a4 15. c4
Ba6 16. Bd3 b4 17. a3 b3 18. Nb1 Nb6 19. Qe2 Ne8 20. Nc3 Nc7 21. Bd2 Bc8 22.
Rac1 Bd7 23. f4 h5 24. f5 h4 25. Nh1 g5 26. Qg4 f6 27. g3 hxg3 28. Nxg3 Be8 29.
Re2 Kf7 30. h4 gxh4 31. Nh5 Bh8 32. Rg2 Ke7 33. Qxh4 Bxh5 34. Qxh5 Kd7 35. Kf2
Kc8 36. Rg6 Kb7 37. Rcg1 Qe8 38. Rh6 Qxh5 39. Rxh5 Rf7 40. Rgh1 Rff8 41. Rh7
Rad8 42. Nb5 Nba8 43. Ba5 1-0

[Event "Paul Keres mem (31st)"]
[Site "Vancouver CAN"]
[Date "2006.05.21"]
[Round "5.10"]
[White "Hughey, Micah"]
[Black "Landingin, Jofrei"]
[Result "1-0"]
[WhiteElo "2005"]
[BlackElo "1675"]
[PlyCount "99"]
[EventDate "2006.05.19"]
[EventType "swiss"]
[EventRounds "6"]
[EventCountry "CAN"]

1. e4 e5 2. Nf3 Nc6 3. Bc4 h6 4. d4 exd4 5. c3 dxc3 6. O-O d6 7. Nxc3 Be6 8.
Bxe6 fxe6 9. Qb3 Qc8 10. Nh4 Nge7 11. f4 b6 12. f5 exf5 13. exf5 Qd7 14. Ne4
Na5 15. Qf3 O-O-O 16. Ng5 Nec6 17. Ng6 Rg8 18. Ne6 Re8 19. b4 Nb7 20. Ngxf8
Rgxf8 21. Nxf8 Rxf8 22. a3 Nd4 23. Qd3 Nc6 24. Bb2 Nbd8 25. Rae1 Kb8 26. Bc3
Rf7 27. b5 Ne7 28. Bxg7 Nxf5 29. Bc3 h5 30. a4 Nh6 31. Qg6 Rh7 32. Rf8 Re7 33.
Rxe7 Qxe7 34. Qxh6 Kb7 35. Rxd8 Qxd8 36. Qxh5 d5 37. Qe5 a6 38. Qf6 Qd7 39.
Qc6+ Qxc6 40. bxc6+ Kxc6 41. h4 Kd7 42. h5 c5 43. h6 d4 44. Bxd4 cxd4 45. h7
Kc6 46. h8=Q Kc5 47. Qe5+ Kc4 48. Qc7+ Kb3 49. Qxb6+ Kc3 50. Qxa6 1-0

[Event "Paul Keres mem (31st)"]
[Site "Vancouver CAN"]
[Date "2006.05.21"]
[Round "5.11"]
[White "Yearwood, Roy"]
[Black "North, Robert"]
[Result "1-0"]
[WhiteElo "2100"]
[BlackElo "1966"]
[PlyCount "81"]
[EventDate "2006.05.19"]
[EventType "swiss"]
[EventRounds "6"]
[EventCountry "CAN"]

1. c4 Nf6 2. Nc3 g6 3. e4 d6 4. d4 Bg7 5. Bd3 O-O 6. h3 e5 7. d5 Nbd7 8. Bg5 h6
9. Be3 Nc5 10. Bc2 a5 11. Qd2 Kh7 12. f3 Nh5 13. g4 Nf4 14. O-O-O Bd7 15. Nge2
Nxe2+ 16. Qxe2 b6 17. h4 Qe7 18. a4 Qe8 19. b3 Qe7 20. Kb2 Rae8 21. Rdg1 Qd8
22. Qd2 f6 23. Rh2 Rh8 24. Bd1 Kg8 25. g5 fxg5 26. hxg5 h5 27. Rf2 Kh7 28. Rh2
Kg8 29. Be2 Rh7 30. Ka3 Na6 31. Bd3 Nb4 32. Bb1 Bf8 33. Ne2 c6 34. f4 Bg4 35.
f5 c5 36. fxg6 Rg7 37. Ng3 Rxg6 38. Nxh5 Bxh5 39. Rxh5 Bg7 40. Rf1 Rf8 41. Rf5
1-0

[Event "Paul Keres mem (31st)"]
[Site "Vancouver CAN"]
[Date "2006.05.21"]
[Round "5.12"]
[White "Healy, Tom"]
[Black "Niksic, John"]
[Result "0-1"]
[WhiteElo "2026"]
[BlackElo "2005"]
[PlyCount "132"]
[EventDate "2006.05.19"]
[EventType "swiss"]
[EventRounds "6"]
[EventCountry "CAN"]

1. d4 Nf6 2. c4 e6 3. a3 d5 4. e3 Be7 5. Nc3 O-O 6. Bd3 c5 7. Nf3 dxc4 8. Bxc4
a6 9. O-O Qc7 10. dxc5 Bxc5 11. Qe2 b5 12. Bd3 Nc6 13. b4 Be7 14. Bb2 Bb7 15.
Rac1 Rac8 16. Ne4 Nxe4 17. Bxe4 Qb8 18. Rc2 Nxb4 19. Rxc8 Rxc8 20. Bxb7 Rc2 21.
Qd1 Qxb7 22. Ba1 Rc4 23. axb4 Bxb4 24. Qd8+ Bf8 25. Ne5 Rc8 26. Qd4 f6 27. Nf3
e5 28. Qg4 Qc6 29. h4 b4 30. h5 a5 31. Nh4 Kf7 32. Rd1 Rc7 33. Qf5 Qc2 34. Rd7+
Be7 35. Rxc7 Qxc7 36. Kh2 Qc4 37. Nf3 Kg8 38. Qd7 Bf8 39. h6 Qf7 40. Qd8 a4 41.
hxg7 Kxg7 42. g4 h6 43. Nh4 a3 44. Nf5+ Kh7 45. Qd3 Kh8 46. Qd8 b3 47. Nxh6 Qe7
48. Qd5 Bxh6 49. Qxb3 Bf8 50. Kg2 Kg7 51. Qd5 Qf7 52. Qa5 Qe6 53. Kg3 Kg6 54.
f4 exf4+ 55. exf4 Qe3+ 56. Kg2 Qxf4 57. Qh5+ Kg7 58. g5 Qd2+ 59. Kh3 Qe3+ 60.
Kg2 Qe4+ 61. Kf1 Qb1+ 62. Kg2 Qxa1 63. Qh6+ Kf7 64. Qh7+ Bg7 65. g6+ Kf8 66.
Qh5 Qe5 0-1

[Event "Paul Keres mem (31st)"]
[Site "Vancouver CAN"]
[Date "2006.05.21"]
[Round "5.13"]
[White "Milner, Arik"]
[Black "Ozkan, Charlie"]
[Result "1/2-1/2"]
[WhiteElo "1730"]
[BlackElo "1901"]
[PlyCount "78"]
[EventDate "2006.05.19"]
[EventType "swiss"]
[EventRounds "6"]
[EventCountry "CAN"]

1. e4 c6 2. d4 d5 3. e5 Bf5 4. g4 Bg6 5. Ne2 h6 6. Nf4 Bh7 7. e6 fxe6 8. Bd3 e5
9. dxe5 g5 10. Bxh7 gxf4 11. Qd3 Bg7 12. Qf5 e6 13. Qxe6+ Qe7 14. Bg6+ Kd8 15.
Bf5 Qxe6 16. Bxe6 Bxe5 17. O-O Ne7 18. Re1 Bd6 19. b3 Nd7 20. Bb2 Rh7 21. Nd2
Bb4 22. c3 Bd6 23. Re2 Nc5 24. Nf3 Nd3 25. Rd1 Nxb2 26. Rxb2 Ng6 27. Bf5 Rg7
28. h3 Ne5 29. Nxe5 Bxe5 30. Rc2 Kc7 31. Re1 Bf6 32. Re6 Rf8 33. Kf1 Re7 34.
Rxe7+ Bxe7 35. Ke2 Bd6 36. Kd3 Re8 37. Re2 Rxe2 38. Kxe2 Be5 39. Kd3 Kd6
1/2-1/2

[Event "Paul Keres mem (31st)"]
[Site "Vancouver CAN"]
[Date "2006.05.21"]
[Round "5.14"]
[White "Gaciu, Vlad"]
[Black "Jiang, Louie"]
[Result "0-1"]
[WhiteElo "1748"]
[BlackElo "2073"]
[PlyCount "60"]
[EventDate "2006.05.19"]
[EventType "swiss"]
[EventRounds "6"]
[EventCountry "CAN"]

1. e4 c5 2. f4 Nc6 3. Nf3 e6 4. Bb5 Nge7 5. Nc3 a6 6. Be2 d5 7. e5 b5 8. a3 Bd7
9. d4 Nf5 10. dxc5 Bxc5 11. b4 Ba7 12. Bd3 Ncd4 13. Bxf5 Nxf5 14. g4 Ne3 15.
Bxe3 Bxe3 16. Ne2 a5 17. Rb1 axb4 18. axb4 Ra3 19. c3 Bc6 20. Ned4 Rxc3 21.
Nxc6 Rxc6 22. Qd3 Qb6 23. f5 Rc4 24. h3 O-O 25. f6 Rfc8 26. Rd1 Rc3 27. Qf1 Rc2
28. Nd2 Bxd2+ 29. Rxd2 Qe3+ 30. Qe2 Rc1+ 0-1